[Event "FRA-chT4"]
[Site "France"]
[Date "2013.01.13"]
[Round "4"]
[White "Gaubert, Virginie"]
[Black "Moine, Patrick"]
[Result "0-1"]
[WhiteElo "1719"]
[BlackElo "1853"]
[PlyCount "80"]
[EventDate "2012.10.24"]
[EventType "team-swiss"]
[EventRounds "9"]
[EventCountry "FRA"]
[SourceTitle "EXT 2014"]
[Source "ChessBase"]
[SourceDate "2013.11.20"]
[SourceVersion "1"]
[SourceVersionDate "2013.11.20"]
[SourceQuality "1"]

1. c4 e6 2. Nc3 d5 3. cxd5 exd5 4. g3 c6 5. Bg2 Nf6 6. Nf3 Bd6 7. 0-0 0-0 8. Rb1 Bf5 9. d3 h6 10. b4 a6 11. a4 Nbd7 12. b5 c5 13. Nh4 Bh7 14. Nxd5 Nxd5 15. Bxd5 Rb8 16. bxa6 bxa6 17. Rxb8 Qxb8 18. a5 Qa7 19. e4 Be5 20. Bd2 Bd4 21. Nf3 Bf6 22. Qc2 Rb8 23. Bf4 Rb2 24. Qc4 Bg6 25. e5 Rb4 26. Qc1 Bd8 27. Bc4 Bxa5 28. Nh4 Kh7 29. Nxg6 fxg6 30. Re1 Rxc4 31. dxc4 Bxe1 32. Qxe1 Nf8 33. e6 Qe7 34. Qa5 Nxe6 35. Be3 Qd6 36. Qa4 Qb6 37. Bd2 Qb1+ 38. Kg2 Qe4+ 39. Kg1 Nd4 40. h4 Nf3+ 0-1

[Event "FRA-chT4"]
[Site "France"]
[Date "2012.11.19"]
[Round "2.5"]
[White "Moine, Patrick"]
[Black "Baret, Benoit"]
[Result "1-0"]
[WhiteElo "1849"]
[BlackElo "1800"]
[PlyCount "89"]
[EventDate "2012.10.24"]
[EventType "team-swiss"]
[EventRounds "9"]
[EventCountry "FRA"]
[SourceTitle "EXT 2014"]
[Source "ChessBase"]
[SourceDate "2013.11.20"]
[SourceVersion "1"]
[SourceVersionDate "2013.11.20"]
[SourceQuality "1"]

1. d4 Nf6 2. c4 g6 3. Nc3 d5 4. Nf3 Bg7 5. Bg5 Be6 6. Bxf6 Bxf6 7. cxd5 Bxd5 8. e3 0-0 9. Be2 Be6 10. 0-0 Nd7 11. Qc2 Rc8 12. Rad1 c6 13. h3 Qa5 14. a3 Rfd8 15. Rd2 Nb6 16. e4 Rd7 17. Rfd1 Rcd8 18. e5 Bg7 19. Ne4 Bf5 20. Bd3 Bh6 21. Re2 Nd5 22. Ree1 Rc7 23. Nc5 Bxd3 24. Nxd3 Nf4 25. Nxf4 Bxf4 26. Re4 Bh6 27. Rh4 Bg7 28. Rg4 Rd5 29. h4 h5 30. Rg3 Bh6 31. Ng5 Bxg5 32. Rxg5 e6 33. Rg3 Kf8 34. Rf3 Ke8 35. Qe4 Rcd7 36. g4 Qa4 37. Rfd3 hxg4 38. Qxg4 c5 39. b4 cxb4 40. Qg5 bxa3 41. Rc1 a2 42. Rdd1 Rxd4 43. Rc8+ Rd8 44. Rxd8+ Rxd8 45. Rxd8# 1-0

[Event "FRA-chT3"]
[Site "France"]
[Date "2011.12.11"]
[Round "3"]
[White "Moine, Patrick"]
[Black "Sohier, Renaud"]
[Result "0-1"]
[WhiteElo "1886"]
[BlackElo "1986"]
[PlyCount "84"]
[EventDate "2012.01.20"]
[EventType "team-match"]
[EventRounds "9"]
[EventCountry "FRA"]
[SourceTitle "EXT 2014"]
[Source "ChessBase"]
[SourceDate "2013.11.20"]
[SourceVersion "1"]
[SourceVersionDate "2013.11.20"]
[SourceQuality "1"]

1. d4 d5 2. c4 c6 3. Nc3 Nf6 4. Nf3 dxc4 5. e3 b5 6. Qc2 Bb7 7. Be2 e6 8. Bd2 Nbd7 9. h3 a6 10. Rd1 c5 11. 0-0 cxd4 12. exd4 Be7 13. Bf4 0-0 14. Ne5 Nb6 15. Bg5 Qc7 16. Bxf6 Bxf6 17. Bf3 Nd5 18. Nxd5 exd5 19. Rfe1 Rfe8 20. Qf5 Bc8 21. Qf4 Be6 22. Qg3 g6 23. h4 Bg7 24. h5 f6 25. Ng4 Qxg3 26. fxg3 Bf7 27. hxg6 hxg6 28. Kf2 b4 29. Re3 f5 30. Ne5 Bxe5 31. dxe5 Rad8 32. e6 Bxe6 33. Rxe6 Rxe6 34. Rxd5 Red6 35. Rc5 Rd2+ 36. Kg1 b3 37. axb3 cxb3 38. Rc6 R8d6 39. Rc8+ Kg7 40. Kh2 Rxb2 41. Kh3 g5 42. g4 Rh6+ 0-1